The challenge of establishing world-class universities (Record no. 3482)
[ view plain ]
| 000 -LEADER | |
|---|---|
| fixed length control field | 01464nam a2200373Ia 4500 |
| 100 1# - MAIN ENTRY--AUTHOR NAME | |
| Personal name | Salmi, Jamil. |
| 245 14 - TITLE STATEMENT | |
| Title | The challenge of establishing world-class universities |
| 260 ## - PUBLICATION, DISTRIBUTION, ETC. (IMPRINT) | |
| Place of publication | Washington, D.C. : |
| Name of publisher | World Bank, |
| Year of publication | 2009. |
| 300 ## - PHYSICAL DESCRIPTION | |
| Number of Pages | xvi, 115 p. : |
| Other physical details | ill. |
| 490 1# - SERIES STATEMENT | |
| Series statement | Directions in development |
| 650 #0 - SUBJECT ADDED ENTRY--TOPICAL TERM | |
| Topical Term | Education, Higher |
| Topical Term | Economic development |
| Topical Term | Higher education and state. |
| Topical Term | Education and globalization. |
| 856 40 - ELECTRONIC LOCATION AND ACCESS | |
| Uniform Resource Identifier | http://site.ebrary.com/lib/rucke/Doc?id=10281477 |
No items available.
